000
00322 a2200109 4500
001
ART_38613
005
20260410162011.0
008
260409a
245
1
0
_a
Comentarios acerca de la contabilización del leasing
100
1
_a
Accursi, Marcelo
773
0
_t
Anuario
_g
- Nº 2 (ene./dic. 1998)
_w
REV38525
999
_c
32239
_d
32239